Statistics for U.S. Political Parties in History

Click here to take the quiz!

General Stats

  • This quiz has been taken 17,368 times
  • The average score is 11 of 26

Answer Stats

Most Successful ElectionParty% Correct
61%Lyndon B. Johnson (1964)Democratic
99%
81%James Monroe (1820)Democratic-Republican
99%
61%Richard Nixon (1972)Republican
99%
44%John Quincy Adams (1828)National Republican
98%
53%William Henry Harrison (1840)Whig
79%
3%Ralph Nader (2000)Green
72%
14%George Wallace (1968)American Independent
56%
53%John Adams (1796)Federalist
56%
3%James B. Weaver (1880)Greenback Labor
56%
3%Gary Johnson (2016)Libertarian
52%
6%Eugene V. Debs (1912)Socialist
48%
27%Theodore Roosevelt (1912)Progressive (Bull Moose)
45%
13%John Bell (1860)Constitutional Union
34%
22%Millard Fillmore (1856)American (Know Nothing)
29%
55%Abraham Lincoln (1864)National Union
28%
2%Henry A. Wallace (1948)Independent Progressive
26%
17%Robert M. La Follette (1924)Progressive
26%
2%William Lemke (1936)Union
24%
1%Alson Streeter (1888)Union Labor
20%
8%Ross Perot (1996)Reform
19%
2%Strom Thurmond (1948)States' Rights (Dixiecrat)
19%
10%Martin Van Buren (1848)Free Soil
15%
9%James B. Weaver (1892)People's (Populist)
15%
2%James G. Birney (1844)Liberty
9%
8%William Wirt (1832)Anti-Masonic
8%
2%Clinton B. Fisk (1888)Prohibition
7%

Score Distribution

Percentile by Number Answered

Percent of People with Each Score

Your Score History

You have not taken this quiz